If you're Happy andyou know it : Sing-along books, il.: Frank Endersby (Registro nro. 47736)
[ vista simple ]
| 000 -LÍDER | |
|---|---|
| Campo fijo de descripción fija | 003120000a22001210004500 |
| 001 - NÚMERO DE CONTROL | |
| Campo de control | 525 |
| 245 10 - TÍTULO | |
| Título del Material | If you're Happy andyou know it : Sing-along books, il.: Frank Endersby |
| 260 ## - PUBLICACIÓN, DISTRIBUCIÓN, ETC. (PIE DE IMPRENTA) | |
| Lugar de publicación, distribución, etc. | Vietnam: Parragon |
| 300 ## - DESCRIPCIÓN FÍSICA | |
| Extensión | [12 p. ] |
| 500 ## - NOTA GENERAL | |
| Nota General | Texto pasta dura |
| 505 00 - NOTA DE CONTENIDO | |
| Nota de contenido con formato preestablecido | Canciones |
| 650 14 - ASIENTO SECUNDARIO DE MATERIA - TERMINO TEMÁTICO | |
| Término temático o nombre geográfico como elemento de entrada | Literatura Infantil |
No hay ítems disponibles.
